| 000 | 00547nam a22001577a 4500 | ||
|---|---|---|---|
| 082 | _a621 | ||
| 100 | _aKhan, Ismail | ||
| 245 |
_aNumerical Analysis Of Delamination Buckling Of Composite Shell With Cutouts / _cIsmail Khan |
||
| 260 |
_aIslamabad : _bSMME - NUST, _c2016. |
||
| 300 |
_a78 p. ; _c30cm. |
||
| 650 |
_aMechanical Engineering-MS-Thesis _916090 |
||
| 700 |
_aDr. Aamir Mubashar _920986 |
||
| 856 | _uhttp://10.250.8.41:8080/xmlui/handle/123456789/12845 | ||
| 942 |
_2ddc _cTHE |
||
| 999 |
_c541171 _d541171 |
||